Little Feat Discography - Statistics

General Stats
  • This quiz has been taken 8 times
  • The average score is 12 of 45
Answer Stats
Type Year Name % Correct
Album 1973 Dixie Chicken
83%
Album 1972 Sailin' Shoes
83%
Album 1974 Feats Don't Fail Me Now
67%
Album 1975 The Last Record Album
67%
Album 1979 Down on the Farm
50%
Album 1988 Let It Roll
50%
Album 1971 Little Feat
50%
Album 1977 Time Loves a Hero
50%
Live Album 1978 Waiting for Columbus
50%
Reissued Live Album 2002 Waiting for Columbus
50%
Compilation 1994 As Time Goes By: The Very Best of Little Feat
33%
Album 2000 Chinese Work Songs
33%
Compilation 1981 Hoy-Hoy!
33%
Live Album 1996 Live from Neon Park
33%
Album 1990 Representing the Mambo
33%
Compilation 2006 The Best of Little Feat
33%
Album 1998 Under the Radar
33%
Album 1995 Ain't Had Enough Fun
17%
Live Album 2012 American Cutie
17%
Live Album 2005 Barnstormin' Live Volume One
17%
Live Album 2005 Barnstormin' Live Volume Two
17%
Box Set 2006 Barstormin' Live Volumes One + Two
17%
Live Album 2003 Down Upon the Suwannee River
17%
Live Album 2000 Extended Versions
17%
Live Album 2004 Highwire Act Live in St. Louis 2003
17%
DVD 2004 Highwire Act Live in St. Louis 2003
17%
Compilation 2000 Hotcakes & Outtakes: 30 Years of Little Feat
17%
Album 2008 Join the Band
17%
Album 2003 Kickin' It at the Barn
17%
Collaborative DVD 2006 Little Feat & Friends in Jamaica - Burgers & Paradise 2006
17%
Live Album 2002 Live at the Ram's Head
17%
Live Album 2014 Live in Holland 1976
17%
Live Album 2010 Ram's Head Revisited
17%
Compilation 2002 Raw Tomatos - Volume One
17%
Compilation 2002 Ripe Tomatos - Volume One
17%
DVD 2000 Rockpalast Live
17%
Live Album 2007 Rocky Mountain Jam
17%
Album 2012 Rooster Rag
17%
Album 1991 Shake Me Up
17%
Live Album 2013 Hellzapoppin'
0%
Live Album 2001 Late Night Truck Stop
0%
DVD 2009 Little Feat: Skin It Back - The Rockpalast Collection
0%
Live Album 2012 Live at Winterland Valentine's Day 1976
0%
Live Album 2014 On Your Way Down
0%
Compilation 2005 The Essentials
0%
No matching quizzes found
Score Distribution
Percent of People with Each Score
Percentile by Number Answered
Your Score History
You have not taken this quiz